Państwa graniczące z Unią Europejską - Statystyki

Ogólne statystyki
  • Ten quiz został rozwiązany 402 razy
    372 od ostatniego zresetowania
  • Średni wynik to 16 z 19
Statystyki odpowiedzi
Kraje % Poprawnych
Rosja
98%
Ukraina
95%
Białoruś
91%
Norwegia
90%
Turcja
90%
Serbia
89%
Szwajcaria
86%
Mołdawia
83%
Wielka Brytania
83%
Andora
82%
Watykan
82%
Bośnia
80%
Liechtenstein
80%
San Marino
79%
Albania
78%
Czarnogóra
77%
Macedonia
76%
Monako
73%
Maroko
58%
Nie znaleziono quizów pasujących do podanych kryteriów
Rozkład punktacji
Procent ludzi z każdym wynikiem
Percentyl według liczby udzielonych odpowiedzi
Twoja historia wyników
Nie rozwiązałeś tego quizu od ostatniego zresetowania